| 000 -ლიდერი |
| ფიქსირებული სიგრძის საკონტროლო ველი |
01360nam a22002177a 4500 |
| 003 - საკონტროლო ნომრის იდენტიფიკატორი |
| საკონტროლო ველი |
Ge_BSU |
| 005 - ბოლო ოპერაციის თარიღი და დრო |
| საკონტროლო ველი |
20240318143003.0 |
| 008 - ფიქსირებული სიგრძის მონაცემთა ელემენტები - ზოგადი ინფორმაცია |
| ფიქსირებული სიგრძის საკონტროლო ველი |
240318s2008 ge ||||| |||| 00| 0 geo d |
| 041 ## - ენის კოდი |
| Language code of text/sound track or separate title |
geo |
| 080 ## - უნივერსალური ათობითი კლასიფიკაციის ინდექსი |
| Universal Decimal Classification number |
1(479.22)(092) ა-37 |
| 245 ## - ცნობა სათაურის შესახებ |
| Title |
ათი ფილოსოფიური თხზულება : |
| Remainder of title |
ეძღვნ. ნიკო ჭავჭავაძის დაბადებიდან 85 წლისთავს / |
| Statement of responsibility, etc |
ფილოსოფ. ინ-ტი, თსუ, ჰუმანიტ. მეცნ. ფაკ. ; [რედ. მიხეილ მახარაძე]. |
| 264 ## - წარმოების, გამოცემის, დისტრიბუციის და სხვა ცნობები |
| გამოცემის, წარმოების, დისტრიბუციის... ადგილი |
ბათუმი : |
| გამოცემის, წარმოების, დისტრიბუციის... სახელწოდება |
შოთა რუსთაველის უნ-ტის გამ-ბა და სტ., |
| გამოცემის, წარმოების, დისტრიბუციის... თარიღი |
2008. |
| 300 ## - ფიზიკური აღწერა |
| Extent |
160გვ. ; |
| Other physical details |
20სმ. |
| 500 ## - ზოგადი შენიშვნა |
| General note |
გარეკანზე: ჩემა მადოზის ფოტო. |
| 504 ## - BIBLIOGRAPHY, ETC. NOTE |
| Bibliography, etc |
ბიბლიოგრ. ტექსტის შენიშვნ. |
| 653 ## - INDEX TERM--UNCONTROLLED |
| Uncontrolled term |
ჭავჭავაძე, ნიკო. |
| 653 ## - INDEX TERM--UNCONTROLLED |
| Uncontrolled term |
ქართველი ფილოსოფოსები |
| 700 ## - ADDED ENTRY--PERSONAL NAME |
| Personal name |
მახარაძე, მიხეილ |
| Relator term |
რედაქტორი |
| 9 (RLIN) |
21448 |
| 710 ## - ADDED ENTRY--CORPORATE NAME |
| Corporate name or jurisdiction name as entry element |
ფილოსოფ. ინ-ტი, თსუ, |
| Subordinate unit |
ჰუმანიტ. მეცნ. ფაკულტეტი |
| 9 (RLIN) |
21449 |
| 942 ## - ADDED ENTRY ELEMENTS (KOHA) |
| Source of classification or shelving scheme |
|
| Koha item type |
წიგნი |